[Event "Outaouais-ch U20"]
[Site "Gatineau CAN"]
[Date "2022.09.27"]
[Round "3"]
[White "Fang, Zhou"]
[Black "Pestieau, Gabriel"]
[Result "1-0"]
[WhiteElo "1855"]
[BlackElo "1480"]
[PlyCount "47"]
[EventDate "2022.09.16"]
[EventType "tourn"]
[EventRounds "5"]
[EventCountry "CAN"]

1. e4 c6 2. d4 d5 3. e5 Bf5 4. h4 h5 5. Bd3 Bxd3 6. Qxd3 e6 7. Nf3 c5 8. c3 Nc6
9. O-O Qb6 10. a3 Nh6 11. Bxh6 Rxh6 12. b4 cxd4 13. cxd4 Rc8 14. Nbd2 Rg6 15.
Rac1 Qd8 16. Ng5 Rc7 17. Nb3 Ne7 18. Rxc7 Qxc7 19. Rc1 Qd7 20. Nc5 Qc6 21. Rc3
Nf5 22. Ncxe6 Qxc3 23. Qxc3 Rxe6 24. Qc8+ 1-0

[Event "Outaouais-ch U20"]
[Site "Gatineau CAN"]
[Date "2022.10.04"]
[Round "4"]
[White "Fiset, Anais Chloe"]
[Black "Azar, Sebastien"]
[Result "0-1"]
[WhiteElo "1636"]
[BlackElo "2015"]
[PlyCount "38"]
[EventDate "2022.09.16"]
[EventType "tourn"]
[EventRounds "5"]
[EventCountry "CAN"]

1. e4 e5 2. Nf3 Nc6 3. Bc4 Bc5 4. c3 Nf6 5. d4 exd4 6. e5 d5 7. Bb5 Ne4 8. cxd4
Bb6 9. O-O O-O 10. Nc3 Bg4 11. Be3 f6 12. Qc2 Nxc3 13. bxc3 Bxf3 14. gxf3 fxe5
15. Bd3 exd4 16. Bxh7+ Kh8 17. cxd4 Bxd4 18. Rad1 Qh4 19. Bg6 Ne5 0-1

[Event "Outaouais-ch U20"]
[Site "Gatineau CAN"]
[Date "2022.10.04"]
[Round "4"]
[White "Latreille, Etienne"]
[Black "Fang, Zhou"]
[Result "0-1"]
[WhiteElo "2124"]
[BlackElo "1855"]
[PlyCount "66"]
[EventDate "2022.09.16"]
[EventType "tourn"]
[EventRounds "5"]
[EventCountry "CAN"]

1. e4 c5 2. Nf3 Nc6 3. Bb5 g6 4. O-O Bg7 5. c3 e5 6. d4 cxd4 7. cxd4 exd4 8.
Bf4 a6 9. Bc4 Nge7 10. Bd6 b5 11. Bd5 Bb7 12. Re1 Nc8 13. e5 Nxd6 14. exd6+ Kf8
15. Nbd2 Na5 16. Bxb7 Nxb7 17. Qb3 Nc5 18. Qd5 Ne6 19. Nb3 Bf6 20. Ne5 Kg7 21.
Nxd4 Bxe5 22. Rxe5 Qf6 23. Rae1 Nxd4 24. Qxd4 Rhe8 25. Qd5 Rxe5 26. Rxe5 Rc8
27. Re1 Rc2 28. f3 Qxb2 29. Qg5 Qd4+ 30. Kh1 Rxa2 31. h4 Ra1 32. Rxa1 Qxa1+ 33.
Kh2 Qf6 0-1

[Event "Outaouais-ch U20"]
[Site "Gatineau CAN"]
[Date "2022.10.04"]
[Round "4"]
[White "Pestieau, Gabriel"]
[Black "Creo, Jeremy"]
[Result "1-0"]
[WhiteElo "1480"]
[BlackElo "1447"]
[PlyCount "102"]
[EventDate "2022.09.16"]
[EventType "tourn"]
[EventRounds "5"]
[EventCountry "CAN"]
[TimeControl "90/30:0"]

1. d4 Nf6 2. c4 e6 3. Nf3 Bb4+ 4. Bd2 Bxd2+ 5. Qxd2 O-O 6. Nc3 d5 7. e3 Nbd7 8.
cxd5 Nxd5 9. Bd3 c5 10. O-O cxd4 11. Nxd4 Ne5 12. Bb1 Ng4 13. h3 e5 14. Nf3
Ndxe3 15. fxe3 Qxd2 16. Nxd2 Nxe3 17. Re1 Rd8 18. Rxe3 Rxd2 19. Rxe5 Bd7 20.
Rd5 Rxd5 21. Nxd5 Be6 22. Nc7 Rc8 23. Nxe6 fxe6 24. Be4 b6 25. Rd1 Rc7 26. Kh2
h6 27. Rf1 Rf7 28. Rxf7 Kxf7 29. Kg3 Kf6 30. Kf4 g5+ 31. Kg4 Ke5 32. Bc2 Kf6
33. Kh5 Kg7 34. a4 e5 35. b4 a5 36. bxa5 bxa5 37. Be4 Kf7 38. Kxh6 Kf6 39. g4
Kf7 40. Kxg5 Kg7 41. h4 Kh8 42. h5 Kg7 43. h6+ Kh8 44. Kf6 Kg8 45. g5 Kh8 46.
g6 Kg8 47. Bd5+ Kf8 48. g7+ Ke8 49. g8=Q+ Kd7 50. Qe6+ Kd8 51. Qe7+ Kc8 1-0

[Event "Outaouais-ch U20"]
[Site "Gatineau CAN"]
[Date "2022.10.11"]
[Round "5"]
[White "Azar, Sebastien"]
[Black "Pestieau, Gabriel"]
[Result "1-0"]
[WhiteElo "2015"]
[BlackElo "1480"]
[PlyCount "53"]
[EventDate "2022.09.16"]
[EventType "tourn"]
[EventRounds "5"]
[EventCountry "CAN"]
[TimeControl "90/30:0"]

1. e4 c6 2. Nf3 d5 3. exd5 cxd5 4. Ne5 Qc7 5. Bb5+ Nc6 6. d4 Bf5 7. Bf4 Qb6 8.
Nc3 e6 9. Qe2 Nge7 10. O-O Rc8 11. g4 Bg6 12. h4 a6 13. Ba4 h5 14. Bg5 Bh7 15.
Rfe1 Bg8 16. Bxe7 Bxe7 17. Nxd5 Qa5 18. Nxe7 Kxe7 19. Bb3 Nxe5 20. dxe5 hxg4
21. Qxg4 Kf8 22. Re4 Bh7 23. Rd1 {ce coup n'a pas Ã tÃ  jouÃ  durant la partie
mais a dÃ>> Ã|_tre ajoutÃ . L'Ã tat de la partie redevient valide au coup 24}
Bg6 24. Rd7 Bxe4 25. Rxf7+ Kxf7 26. Qxe6+ Kf8 27. Qf7# 1-0

[Event "Outaouais-ch U20"]
[Site "Gatineau CAN"]
[Date "2022.10.11"]
[Round "5"]
[White "Creo, Jeremy"]
[Black "Fang, Zhou"]
[Result "0-1"]
[WhiteElo "1447"]
[BlackElo "1855"]
[PlyCount "52"]
[EventDate "2022.09.16"]
[EventType "tourn"]
[EventRounds "5"]
[EventCountry "CAN"]

1. d4 Nf6 2. c4 g6 3. Nc3 Bg7 4. e3 O-O 5. Nf3 d6 6. Be2 b6 7. O-O Bb7 8. d5 e6
9. e4 Re8 10. Bf4 Nbd7 11. Rc1 Nc5 12. Qc2 exd5 13. exd5 Nfe4 14. Nxe4 Nxe4 15.
Bd3 Nc5 16. b4 Nxd3 17. Qxd3 Bc8 18. c5 Bf5 19. Qa6 dxc5 20. bxc5 Be4 21. d6
cxd6 22. Bxd6 Bxf3 23. gxf3 Be5 24. Rfd1 Qg5+ 25. Kf1 Qh5 26. Bxe5 Rxe5 0-1

[Event "Outaouais-ch U20"]
[Site "Gatineau CAN"]
[Date "2022.10.11"]
[Round "5"]
[White "Fiset, Anais Chloe"]
[Black "Latreille, Etienne"]
[Result "0-1"]
[WhiteElo "1636"]
[BlackElo "2124"]
[PlyCount "38"]
[EventDate "2022.09.16"]
[EventType "tourn"]
[EventRounds "5"]
[EventCountry "CAN"]

1. e4 c5 2. Nf3 Nc6 3. Bb5 g6 4. O-O Bg7 5. Nc3 e5 6. d3 Nge7 7. Re1 O-O 8. h3
h6 9. Be3 d6 10. Qd2 Kh7 11. Bc4 f5 12. Qd1 f4 13. Bc1 Nd4 14. a3 Nec6 15. Nxd4
exd4 16. Nd5 f3 17. Nf4 fxg2 18. Kxg2 Qg5+ 19. Kh1 Qh4 0-1

[Event "Paul Keres mem 46th"]
[Site "Richmond CAN"]
[Date "2022.05.21"]
[Round "1.1"]
[White "Orlov, Georgi"]
[Black "Taylor, Tristan"]
[Result "1-0"]
[WhiteElo "2506"]
[BlackElo "2021"]
[PlyCount "31"]
[EventDate "2022.05.21"]
[EventType "swiss"]
[EventRounds "6"]
[EventCountry "CAN"]

1. d4 Nf6 2. Nf3 d5 3. c4 e6 4. Nc3 Bb4 5. g3 dxc4 6. Bg2 c6 7. Ne5 Nd5 8. Bd2
Nd7 9. Nxc4 b5 10. Nxd5 Bxd2+ 11. Qxd2 exd5 12. Nd6+ Kf8 13. Rc1 Nb6 14. Rxc6
Bd7 15. Rc5 Qe7 16. Qf4 1-0

[Event "Paul Keres mem 46th"]
[Site "Richmond CAN"]
[Date "2022.05.21"]
[Round "1.2"]
[White "Song, Ethan"]
[Black "Schulte, Oliver"]
[Result "1/2-1/2"]
[WhiteElo "2012"]
[BlackElo "2392"]
[PlyCount "76"]
[EventDate "2022.05.21"]
[EventType "swiss"]
[EventRounds "6"]
[EventCountry "CAN"]

1. e4 c5 2. Nf3 e6 3. d4 cxd4 4. Nxd4 Nf6 5. Nc3 Nc6 6. Nxc6 bxc6 7. e5 Nd5 8.
Nxd5 cxd5 9. Bd3 d6 10. Bf4 Ba6 11. O-O Bxd3 12. Qxd3 Rc8 13. Rfe1 Qd7 14. Rad1
dxe5 15. Bxe5 f6 16. Bg3 Be7 17. Qe2 Kf7 18. a3 Bd6 19. c4 Bxg3 20. hxg3 Rhd8
21. cxd5 exd5 22. Qh5+ Kg8 23. Rxd5 Qxd5 24. Re8+ Rxe8 25. Qxd5+ Kh8 26. b4 h6
27. g4 Re1+ 28. Kh2 Ra1 29. Qb7 Rc3 30. Qxa7 Rcxa3 31. Qe7 Rb3 32. f3 Rab1 33.
Qe8+ Kh7 34. Qe4+ Kh8 35. b5 Rxb5 36. Qe8+ Kh7 37. Qe4+ Kh8 38. Qe8+ Kh7
1/2-1/2

[Event "Paul Keres mem 46th"]
[Site "Richmond CAN"]
[Date "2022.05.21"]
[Round "1.3"]
[White "Kaufman, Raymond"]
[Black "Jiang, Kate"]
[Result "1-0"]
[WhiteElo "2376"]
[BlackElo "2009"]
[PlyCount "157"]
[EventDate "2022.05.21"]
[EventType "swiss"]
[EventRounds "6"]
[EventCountry "CAN"]

1. e4 e5 2. Nf3 Nc6 3. Bb5 a6 4. Ba4 Nf6 5. d3 b5 6. Bb3 d6 7. a3 Be7 8. Nc3
O-O 9. Nd5 Bb7 10. O-O Na5 11. Ba2 Re8 12. Nxe7+ Qxe7 13. Bg5 h6 14. Bh4 Rad8
15. b4 Nc6 16. Re1 Bc8 17. c3 Be6 18. d4 Bxa2 19. Rxa2 Nb8 20. Qd3 Nbd7 21. a4
Rb8 22. axb5 axb5 23. Ra7 Rec8 24. h3 Qe8 25. g4 Nb6 26. Bxf6 gxf6 27. Nh4 Ra8
28. Rea1 Na4 29. Rxa8 Rxa8 30. Qf3 Qd8 31. Kh2 Kg7 32. Rg1 Qh8 33. dxe5 dxe5
34. Nf5+ Kf8 35. Rd1 Kg8 36. Rd7 Nb6 37. Rxc7 Rc8 38. Ne7+ Kg7 39. Nxc8 Nxc8
40. Qd3 Qe8 41. Qd7 Qxd7 42. Rxd7 Kg6 43. Rd5 Kg5 44. Kg3 h5 45. f4+ Kg6 46.
fxe5 fxe5 47. Rxe5 Nd6 48. Kf4 hxg4 49. hxg4 Kf6 50. g5+ Kg6 51. Rd5 Nc4 52.
Rxb5 Nb2 53. Rb6+ Kg7 54. Rd6 Na4 55. c4 Nc3 56. b5 Na4 57. b6 Nc5 58. Rd5 Ne6+
59. Kg3 Kg6 60. Rd6 Kg7 61. Rxe6 fxe6 62. b7 Kg6 63. b8=B Kg7 64. Be5+ Kh7 65.
c5 Kg6 66. c6 Kh7 67. c7 Kg6 68. c8=B Kh7 69. Bxe6 Kg6 70. Bd6 Kg7 71. Be7 Kg6
72. e5 Kg7 73. Kg4 Kg6 74. Kh4 Kg7 75. Kh5 Kh7 76. g6+ Kg7 77. Bf6+ Kf8 78. g7+
Ke8 79. g8=R# 1-0

[Event "Paul Keres mem 46th"]
[Site "Richmond CAN"]
[Date "2022.05.21"]
[Round "1.4"]
[White "Xu, Andrew"]
[Black "Kolbus, Dietmar"]
[Result "0-1"]
[WhiteElo "1983"]
[BlackElo "2354"]
[PlyCount "132"]
[EventDate "2022.05.21"]
[EventType "swiss"]
[EventRounds "6"]
[EventCountry "CAN"]

1. e4 c6 2. d4 d5 3. Nd2 dxe4 4. Nxe4 Bf5 5. Ng3 Bg6 6. h4 h6 7. Nf3 Nd7 8. h5
Bh7 9. Bd3 Bxd3 10. Qxd3 e6 11. Bd2 Ngf6 12. c4 Qc7 13. Bc3 Bd6 14. Ne2 c5 15.
O-O-O O-O-O 16. Nd2 a6 17. Kb1 cxd4 18. Nxd4 Ne5 19. Qe2 Nc6 20. N2b3 Bb4 21.
Bxb4 Nxb4 22. c5 Nc6 23. f3 Kb8 24. Nxc6+ Qxc6 25. Qe5+ Ka8 26. a3 Rd5 27. Rxd5
Qxd5 28. Qxd5 Nxd5 29. Rc1 Rc8 30. Nd4 Kb8 31. b4 Rd8 32. c6 Nc7 33. Nb3 b6 34.
Rc2 Rd1+ 35. Kb2 Nd5 36. Rd2 Rxd2+ 37. Nxd2 Kc7 38. Nc4 f6 39. g4 Kxc6 40. Kc2
Nc7 41. Kd3 Nb5 42. Ke4 Na7 43. Kd3 Nc8 44. Kc3 Kd5 45. Kd3 b5 46. Nd2 Nd6 47.
Nb1 Ke5 48. Nd2 f5 49. Nb3 fxg4 50. fxg4 Kd5 51. Nc5 a5 52. Na6 axb4 53. axb4
Ne8 54. Nc5 e5 55. Ne4 Nf6 56. Nc3+ Kc6 57. Ne2 Nxg4 58. Ke4 Nf6+ 59. Kxe5 Nxh5
60. Kf5 Kd5 61. Kg6 Kc4 62. Kxh5 Kxb4 63. Kg6 Kc4 64. Kxg7 h5 65. Kf6 h4 66.
Nf4 b4 0-1

[Event "Paul Keres mem 46th"]
[Site "Richmond CAN"]
[Date "2022.05.21"]
[Round "1.5"]
[White "Mackinnon, Keith"]
[Black "Verdon, Norman"]
[Result "1-0"]
[WhiteElo "2287"]
[BlackElo "1982"]
[PlyCount "59"]
[EventDate "2022.05.21"]
[EventType "swiss"]
[EventRounds "6"]
[EventCountry "CAN"]

1. e4 c5 2. Nf3 d6 3. d4 cxd4 4. Nxd4 Nf6 5. Nc3 a6 6. h3 Nc6 7. Be3 Nxd4 8.
Qxd4 e5 9. Qa4+ Bd7 10. Qb3 Be7 11. Qxb7 O-O 12. O-O-O Rb8 13. Qxa6 Be6 14. Bc4
Ra8 15. Qb5 Rb8 16. Qa6 Ra8 17. Qb5 Rb8 {Black offered a draw.} 18. Qa4 Ra8 19.
Qb3 Rb8 20. Nb5 Qa5 21. a4 Bxc4 22. Qxc4 Rfc8 23. Qb3 Nxe4 24. f3 Nc3 25. bxc3
Rxb5 26. axb5 Rxc3 27. Bd2 Bg5 28. Qb2 Bxd2+ 29. Rxd2 Ra3 30. Kb1 1-0

[Event "Paul Keres mem 46th"]
[Site "Richmond CAN"]
[Date "2022.05.21"]
[Round "1.6"]
[White "Wu, Nathan"]
[Black "Nunez Asencio, Jorge"]
[Result "0-1"]
[WhiteElo "1972"]
[BlackElo "2266"]
[PlyCount "144"]
[EventDate "2022.05.21"]
[EventType "swiss"]
[EventRounds "6"]
[EventCountry "CAN"]

1. d4 d5 2. Bf4 c5 3. e3 Nc6 4. Nf3 Nf6 5. c3 Qb6 6. Qc2 g6 7. Nbd2 Bg7 8. Be2
Bf5 9. dxc5 Qxc5 10. Qb3 Bc8 11. h3 O-O 12. O-O a6 13. Ne5 Nh5 14. Bxh5 Nxe5
15. Be2 Nc6 16. Rac1 e5 17. Bh2 Be6 18. Qd1 Rfd8 19. Nf3 h6 20. Rc2 Rac8 21. a3
Qe7 22. Rd2 f5 23. Ne1 g5 24. f4 Qc5 25. Kh1 Qb6 26. Nf3 e4 27. Nd4 Nxd4 28.
exd4 Rf8 29. Bh5 Bd7 30. Bg1 Bb5 31. Be2 Rce8 32. Bxb5 Qxb5 33. Be3 g4 34. Qe2
Qxe2 35. Rxe2 h5 36. g3 Re6 37. h4 Rb6 38. Rc1 Rc8 39. Rcc2 Rb3 40. Kg2 b5 41.
Bf2 a5 42. Be1 Rc4 43. Kf2 Kf7 44. Kg2 Ke6 45. Kf2 Kd7 46. Kg2 Kc6 47. Kf2 b4
48. axb4 axb4 49. Kg2 Kb5 50. Kf2 bxc3 51. bxc3 Ra4 52. Bd2 Kc4 53. Be1 Bf8 54.
Bd2 Ra1 55. Bc1 Ba3 56. Bd2 Rb2 57. Be3 Raa2 58. Rxb2 Rxb2 59. Bd2 Ra2 60. Ke1
Bb2 61. Re3 Ra1+ 62. Ke2 Bc1 63. Bxc1 Rxc1 64. Kd2 Rg1 65. Kc2 Rg2+ 66. Kc1 Rf2
67. Kd1 Rf3 68. Rxf3 exf3 69. Kd2 f2 70. Ke2 Kxc3 71. Kxf2 Kxd4 72. Kg2 Ke3 0-1

[Event "Paul Keres mem 46th"]
[Site "Richmond CAN"]
[Date "2022.05.21"]
[Round "1.7"]
[White "Doknjas, Neil"]
[Black "Guo, Veronica (Yu Han)"]
[Result "1-0"]
[WhiteElo "2262"]
[BlackElo "1955"]
[PlyCount "67"]
[EventDate "2022.05.21"]
[EventType "swiss"]
[EventRounds "6"]
[EventCountry "CAN"]

1. e4 c6 2. d4 d5 3. e5 Bf5 4. Nf3 e6 5. Be2 Ne7 6. O-O Nd7 7. Nbd2 h6 8. Nb3
Qc7 9. a4 a6 10. a5 c5 11. Nxc5 Nxc5 12. dxc5 Nc6 13. Be3 Nxe5 14. Nxe5 Qxe5
15. c4 O-O-O 16. cxd5 Qxd5 17. Qa4 Qe4 18. Qb3 Qc2 19. Qb6 Bxc5 20. Qxc5+ Qxc5
21. Bxc5 Rd2 22. Bf3 Rxb2 23. Bd4 Rb3 24. Be5 Rd8 25. Rac1+ Kd7 26. Rfd1+ Ke7
27. Rxd8 Kxd8 28. Bxg7 Rb5 29. Bxh6 Rxa5 30. Bxb7 Ra2 31. Bg7 a5 32. h4 Ra4 33.
Bf6+ Kd7 34. Bc6+ 1-0

[Event "Paul Keres mem 46th"]
[Site "Richmond CAN"]
[Date "2022.05.21"]
[Round "1.8"]
[White "Yang, Jingyun (Ryan)"]
[Black "Javidfard, Amirsalar"]
[Result "1-0"]
[WhiteElo "1951"]
[BlackElo "2244"]
[PlyCount "57"]
[EventDate "2022.05.21"]
[EventType "swiss"]
[EventRounds "6"]
[EventCountry "CAN"]

1. g3 c5 2. Nf3 Nc6 3. Bg2 g6 4. c4 Bg7 5. Nc3 d6 6. d3 Bd7 7. Bd2 Qc8 8. Rb1
Bh3 9. Bxh3 Qxh3 10. Nd5 Rc8 11. b4 Nd4 12. Nxd4 Qg2 13. Qa4+ Kf8 14. Rf1 Bxd4
15. Qd7 Re8 16. bxc5 Bxc5 17. Rxb7 h5 18. Bg5 f6 19. Bxf6 Rh7 20. Nf4 Qxf1+ 21.
Kxf1 Nxf6 22. Nxg6+ Kf7 23. Qf5 Rg7 24. Nf4 h4 25. Ne6 Rg6 26. Nxc5 dxc5 27.
Qxc5 Ng4 28. h3 Rh8 29. Qxe7+ 1-0

[Event "Paul Keres mem 46th"]
[Site "Richmond CAN"]
[Date "2022.05.21"]
[Round "1.9"]
[White "Huang, Patrick"]
[Black "Wang, Jerry"]
[Result "1/2-1/2"]
[WhiteElo "2221"]
[BlackElo "1948"]
[PlyCount "147"]
[EventDate "2022.05.21"]
[EventType "swiss"]
[EventRounds "6"]
[EventCountry "CAN"]

1. d4 Nf6 2. Bf4 d5 3. e3 e6 4. Nf3 c5 5. c3 Nc6 6. Nbd2 Be7 7. Ne5 O-O 8. Bd3
Qb6 9. Rb1 Bd7 10. h4 Rad8 11. Qf3 Be8 12. g4 Nd7 13. Nxd7 Rxd7 14. Qg3 f6 15.
g5 f5 16. h5 g6 17. hxg6 Bxg6 18. Be2 Bd8 19. Bh5 Ne7 20. Nf3 Bc7 21. Bxg6 Nxg6
22. Ne5 Bxe5 23. Bxe5 cxd4 24. Bxd4 Qa6 25. Ra1 f4 26. Qh3 f3 27. Qf1 Qxf1+ 28.
Rxf1 b6 29. Bf6 h6 30. Rd1 hxg5 31. Bxg5 e5 32. Kd2 Kf7 33. Kc2 e4 34. Rd4 Ke6
35. Rfd1 Rf5 36. Bf4 Nxf4 37. exf4 b5 38. Kd2 Rxf4 39. Ke3 Rf5 40. a4 bxa4 41.
Rxa4 Rf8 42. Rad4 Rfd8 43. c4 dxc4 44. Rxe4+ Kf5 45. Rxd7 Rxd7 46. Rxc4 Rb7 47.
b4 a5 48. Rc5+ Kg4 49. Rc4+ Kf5 50. bxa5 Rb3+ 51. Kd4 Ra3 52. Rc3 Ra4+ 53. Ke3
Rxa5 54. Kxf3 Rd5 55. Kg3 Kg5 56. Rc8 Rd1 57. Rc5+ Kg6 58. Kf4 Rd6 59. Kg4 Kf6
60. Rh5 Kg6 61. f4 Rd1 62. Ra5 Rd6 63. Kf3 Rb6 64. Ke4 Kf6 65. Rf5+ Kg6 66. Rd5
Kf6 67. Rd4 Ra6 68. f5 Rb6 69. Kf4 Ra6 70. Re4 Rb6 71. Re1 Rb4+ 72. Re4 Rb6 73.
Kg4 Ra6 74. Rb4 1/2-1/2

[Event "Paul Keres mem 46th"]
[Site "Richmond CAN"]
[Date "2022.05.21"]
[Round "1.10"]
[White "Su, Ethan"]
[Black "Pupols, Viktors"]
[Result "1-0"]
[WhiteElo "1939"]
[BlackElo "2210"]
[PlyCount "109"]
[EventDate "2022.05.21"]
[EventType "swiss"]
[EventRounds "6"]
[EventCountry "CAN"]

1. d4 e6 2. Nf3 d5 3. g3 c6 4. Bg2 Nd7 5. Nbd2 f5 6. c4 Bd6 7. e3 Ngf6 8. b3
O-O 9. O-O Ne4 10. Qc2 Qe7 11. Bb2 Ndf6 12. Ne5 Bd7 13. f3 Nxd2 14. Qxd2 Be8
15. Qd3 Rd8 16. Qc2 c5 17. Nd3 b6 18. Rfe1 Bc6 19. Rac1 dxc4 20. bxc4 Qb7 21.
Qe2 Rde8 22. e4 Nd7 23. exf5 exf5 24. Qf2 Qc7 25. d5 Bb7 26. f4 Bc8 27. a4 Nf6
28. Ne5 Bd7 29. Qc2 Re7 30. Re2 Bc8 31. Rce1 Rfe8 32. h3 Nd7 33. Qc3 Nf8 34.
Nf7 Rxf7 35. Rxe8 Bd7 36. R8e2 Bxa4 37. Qa3 Bd7 38. Be5 h6 39. Bxd6 Qxd6 40.
Qxa7 b5 41. Qa2 b4 42. Qb3 Kh7 43. Kh2 Ng6 44. Qf3 Rf8 45. Ra1 Rb8 46. Re3 Qf6
47. Qd1 Rb6 48. Ra7 Qd6 49. Qa1 Rb8 50. Re6 Qf8 51. Rxd7 b3 52. Qb2 Qg8 53. Ra7
Rb4 54. Bf1 h5 55. Qf6 1-0

[Event "Paul Keres mem 46th"]
[Site "Richmond CAN"]
[Date "2022.05.21"]
[Round "2.1"]
[White "Mohammed Qanee, Arpak Worya"]
[Black "Orlov, Georgi"]
[Result "0-1"]
[WhiteElo "2129"]
[BlackElo "2506"]
[PlyCount "72"]
[EventDate "2022.05.21"]
[EventType "swiss"]
[EventRounds "6"]
[EventCountry "CAN"]

1. d4 Nf6 2. c4 Nc6 3. Nf3 e6 4. Nc3 Bb4 5. e3 Bxc3+ 6. bxc3 d6 7. Bd3 e5 8.
Nd2 O-O 9. O-O Ng4 10. h3 Nh6 11. Qh5 f5 12. f4 Qe7 13. Nb3 a5 14. a4 e4 15.
Bc2 Rf6 16. d5 Nb8 17. c5 dxc5 18. c4 Na6 19. Bb2 Rg6 20. Kf2 Nb4 21. Bb1 Nf7
22. Nd2 Raa6 23. Bc3 Rh6 24. Qd1 Rag6 25. Rg1 Qh4+ 26. g3 Qxh3 27. Nxe4 fxe4
28. Bxe4 Bf5 29. Qf3 Nd6 30. Bxf5 Qxf5 31. Be5 Qc2+ 32. Kf1 Ne4 33. Qe2 Nd2+
34. Kf2 Nd3+ 35. Kg2 Nxe5 36. fxe5 Qe4+ 0-1

[Event "Paul Keres mem 46th"]
[Site "Richmond CAN"]
[Date "2022.05.21"]
[Round "2.2"]
[White "Windram, James"]
[Black "Kaufman, Raymond"]
[Result "1/2-1/2"]
[WhiteElo "2072"]
[BlackElo "2376"]
[PlyCount "229"]
[EventDate "2022.05.21"]
[EventType "swiss"]
[EventRounds "6"]
[EventCountry "CAN"]

1. e4 c5 2. Nf3 e6 3. d4 cxd4 4. Nxd4 a6 5. c4 Nf6 6. Nc3 Qc7 7. a3 b6 8. Be3
Bb7 9. f3 Nc6 10. Qd2 Ne5 11. Rc1 d6 12. Be2 Be7 13. O-O O-O 14. b4 Rac8 15.
Na4 Rfd8 16. Qe1 Ned7 17. Qf2 Ba8 18. Nb3 Rb8 19. Rc3 Qc6 20. b5 Qc7 21. bxa6
Nc5 22. Nbxc5 bxc5 23. Rd3 Nd7 24. Nc3 Ne5 25. Rd2 Qa5 26. Rc1 Rb3 27. Nb5 Bc6
28. f4 Ng6 29. Bd1 Rxb5 30. cxb5 Bxe4 31. Be2 Nh4 32. Bf1 Nf5 33. Qe1 Nxe3 34.
Qxe3 d5 35. Qc3 Qb6 36. Kh1 c4 37. a4 f5 38. a7 Qxa7 39. a5 Qc5 40. Qe5 Kf7 41.
Rxc4 Qxb5 42. Rd1 Qb3 43. Rcc1 Bd6 44. Qc3 Qb8 45. Bd3 Bxf4 46. Rb1 Qc8 47.
Qxc8 Rxc8 48. Bxe4 dxe4 49. a6 Ra8 50. Rb7+ Kf6 51. a7 e3 52. Re1 h5 53. g3 Bd6
54. Rxe3 Bc5 55. Re2 Rxa7 56. Rxa7 Bxa7 57. Kg2 g5 58. Ra2 Bd4 59. Ra4 Ke5 60.
Ra8 Kf6 61. Ra4 Be5 62. h3 g4 63. hxg4 hxg4 64. Kf2 Bd6 65. Ra5 Kg5 66. Kg2 Kf6
67. Kf2 Bb4 68. Rb5 Bc3 69. Kg2 e5 70. Rb6+ Kg5 71. Rb5 Bd4 72. Rd5 Kf6 73.
Rd6+ Ke7 74. Rg6 e4 75. Kf1 Kf7 76. Rc6 Ke7 77. Rg6 Bf6 78. Rg8 Be5 79. Kf2 Bd6
80. Rg6 e3+ 81. Kxe3 Bxg3 82. Ke2 Kf7 83. Ra6 Bh4 84. Ke3 Bg5+ 85. Kf2 f4 86.
Kg2 Bf6 87. Rc6 Kg6 88. Rc5 Bg5 89. Rc8 Bf6 90. Rc5 Bh4 91. Rc3 Be1 92. Ra3 Kg5
93. Rb3 Kh4 94. Ra3 Bd2 95. Ra8 f3+ 96. Kf2 Bc3 97. Rd8 Be5 98. Rd7 Bg3+ 99.
Kf1 Kh3 100. Rb7 Bh4 101. Rf7 Kg3 102. Rf8 Kh3 103. Rf7 Bd8 104. Rf8 Bc7 105.
Rh8+ Kg3 106. Rf8 Be5 107. Rf7 Bd4 108. Rd7 Be3 109. Rf7 Bd4 110. Rd7 Be5 111.
Rf7 Kh4 112. Rf5 Bg3 113. Rd5 Kh3 114. Rh5+ Bh4 115. Rf5 1/2-1/2

[Event "Paul Keres mem 46th"]
[Site "Richmond CAN"]
[Date "2022.05.21"]
[Round "2.3"]
[White "Kolbus, Dietmar"]
[Black "Cardenas, Nicholas"]
[Result "1-0"]
[WhiteElo "2354"]
[BlackElo "2135"]
[PlyCount "131"]
[EventDate "2022.05.21"]
[EventType "swiss"]
[EventRounds "6"]
[EventCountry "CAN"]

1. c4 c6 2. Nf3 d5 3. b3 Bf5 4. Bb2 e6 5. g3 h6 6. Bg2 Nf6 7. O-O Bd6 8. d3 O-O
9. Nbd2 Qe7 10. Ne5 Bxe5 11. Bxe5 Nbd7 12. Bb2 e5 13. e4 Bg4 14. f3 Be6 15.
exd5 cxd5 16. Re1 Qd6 17. Kh1 Rfe8 18. Qe2 Bf5 19. cxd5 Nxd5 20. Ne4 Qb6 21.
Rad1 Rad8 22. d4 Bxe4 23. fxe4 exd4 24. Bxd4 Qe6 25. Bxg7 Kxg7 26. Rxd5 Qxd5
27. exd5 Rxe2 28. Rxe2 Kf6 29. Rf2+ Ke7 30. d6+ Kxd6 31. Bxb7 Rf8 32. Rf5 f6
33. Ra5 Nc5 34. Bf3 Rf7 35. b4 Ne6 36. Bd5 Rc7 37. Bxe6 Kxe6 38. Kg2 Kf7 39. a3
Kg6 40. g4 h5 41. Rxh5 Rc2+ 42. Kf1 Ra2 43. Ra5 Rxh2 44. Rxa7 Kg5 45. Rg7+ Kh6
46. Rc7 Kg5 47. b5 Ra2 48. Rc3 Kxg4 49. Rb3 Ra1+ 50. Kf2 Ra2+ 51. Ke1 Rh2 52.
b6 Rh8 53. b7 Rb8 54. a4 f5 55. a5 f4 56. a6 f3 57. Kf2 Re8 58. Rb4+ Kf5 59.
Kxf3 Kg6 60. b8=Q Re6 61. Qg8+ Kf5 62. Rf4+ Ke5 63. Re4+ Kf5 64. Qxe6+ Kg5 65.
Rg4+ Kh5 66. Qg6# 1-0

[Event "Paul Keres mem 46th"]
[Site "Richmond CAN"]
[Date "2022.05.21"]
[Round "2.4"]
[White "Roback, Joe"]
[Black "Mackinnon, Keith"]
[Result "1/2-1/2"]
[WhiteElo "2044"]
[BlackElo "2287"]
[PlyCount "98"]
[EventDate "2022.05.21"]
[EventType "swiss"]
[EventRounds "6"]
[EventCountry "CAN"]

1. e4 c5 2. Nf3 e6 3. d4 cxd4 4. Nxd4 Nc6 5. Nc3 Qc7 6. Be3 a6 7. Be2 Nf6 8.
O-O Be7 9. f4 d6 10. a4 O-O 11. Nb3 b6 12. Qe1 Nb4 13. Rc1 d5 14. e5 Nd7 15.
Rf3 Bb7 16. Rh3 Rfe8 17. Nd4 Rac8 18. Nd1 Nf8 19. c3 Nc6 20. Bd3 Nxd4 21. Bxd4
Bc5 22. Ra1 Ng6 23. Qg3 Rf8 24. Ne3 f5 25. Rf1 Qe7 26. Nc2 Rc7 27. Rh5 Bc6 28.
b3 Bb7 29. Be2 Rfc8 30. Rc1 Bxd4+ 31. Nxd4 Qa3 32. Rf1 Rxc3 33. Qf2 Nf8 34. Rg5
Qb2 35. Qh4 R3c7 36. Qf2 Rc1 37. Bd1 Rb1 38. Be2 Rcc1 39. Rg3 Rxf1+ 40. Bxf1
Qxf2+ 41. Kxf2 Rc1 42. Rd3 Kf7 43. Be2 g6 44. Bd1 Rc7 45. Rh3 Bc8 46. Ke1 Ke8
47. Kd2 h5 48. Rg3 Kf7 49. Be2 Nh7 1/2-1/2

[Event "Paul Keres mem 46th"]
[Site "Richmond CAN"]
[Date "2022.05.21"]
[Round "2.5"]
[White "Nunez Asencio, Jorge"]
[Black "Patterson, Roger"]
[Result "1-0"]
[WhiteElo "2266"]
[BlackElo "2058"]
[PlyCount "91"]
[EventDate "2022.05.21"]
[EventType "swiss"]
[EventRounds "6"]
[EventCountry "CAN"]

1. d4 Nf6 2. Nf3 g6 3. c4 Bg7 4. Nc3 O-O 5. Bg5 h6 6. Bh4 d6 7. h3 g5 8. Bg3
Bf5 9. e3 c5 10. Be2 Nc6 11. d5 Na5 12. Nd2 a6 13. O-O Rb8 14. e4 Bg6 15. Re1
Nd7 16. Bf1 b5 17. Qc1 Nxc4 18. Bxc4 bxc4 19. Nxc4 Qc7 20. Qd2 Rb4 21. b3 Nb6
22. Nxb6 Qxb6 23. e5 Rd4 24. Qe2 Qb4 25. Rac1 Rd3 26. Nb1 Rxd5 27. Qxa6 dxe5
28. Nc3 Rd2 29. Qa7 e6 30. Qc7 e4 31. Na4 Rxa2 32. Nxc5 Bd4 33. Rf1 e3 34. Nd7
exf2+ 35. Kh2 Bd3 36. Bd6 Qa5 37. Qxa5 Rxa5 38. Nxf8 Bxf1 39. Rxf1 Rd5 40. Be7
Be5+ 41. g3 Rd3 42. Kg2 Rxg3+ 43. Kxf2 Rxb3 44. Rd1 Rxh3 45. Rd8 Kg7 46. Nd7 {
Time.} 1-0

[Event "Paul Keres mem 46th"]
[Site "Richmond CAN"]
[Date "2022.05.21"]
[Round "2.6"]
[White "He, Matthew"]
[Black "Doknjas, Neil"]
[Result "0-1"]
[WhiteElo "1819"]
[BlackElo "2262"]
[PlyCount "98"]
[EventDate "2022.05.21"]
[EventType "swiss"]
[EventRounds "6"]
[EventCountry "CAN"]

1. d4 Nf6 2. c4 e6 3. Nc3 Bb4 4. Qc2 b6 5. Bg5 Bb7 6. e3 h6 7. Bh4 g5 8. Bg3
Ne4 9. Nge2 d5 10. O-O-O Nxg3 11. Nxg3 Bxc3 12. Qxc3 Nd7 13. cxd5 exd5 14. e4
dxe4 15. d5 Qf6 16. Bb5 Qxc3+ 17. bxc3 O-O-O 18. Nxe4 Ne5 19. Rhe1 a6 20. Bf1
Ng6 21. d6 a5 22. Bc4 Bxe4 23. Rxe4 Rxd6 24. Rxd6 cxd6 25. Bxf7 Nf4 26. g3 Nd3+
27. Kd2 Ne5 28. Be6+ Kd8 29. Ke3 Re8 30. Bb3 Ng4+ 31. Kd4 Nxf2 32. Rxe8+ Kxe8
33. Kd5 Kd7 34. Ba4+ Kc7 35. Ke6 Ne4 36. Bc2 Nxc3 37. a4 Kc6 38. g4 d5 39. Kf6
Ne4+ 40. Kg6 Nf2 41. Bf5 b5 42. axb5+ Kxb5 43. Kxh6 Nh3 44. Kg6 a4 45. Bb1 d4
46. Kf5 Kc4 47. Ke4 Kc3 48. Ba2 d3 49. Ke3 d2 0-1